00576nam a22001457a 4500003000400000020001800004082001300022100002100035245005200056250000800108260002800116300000800144650001600152653026200168SGT a9788120349490 a657, NAR aNARAYANASWAMY R. aFINANCIAL ACCOUNTING :A MANAGERIAL PERSPECTIVE  a5TH aNEW DELHI bPHI c 2015 a650 aACCOUNTING  a.Accounting and Economic Decisions, Processing Transactions, Measuring Income, Accounting for Merchandising Transactions, Inventories, Fixed Assets, Investments, Liabilities, Shareholders’ Equity, Financial Statement Analysis, Cash Flow Statement.